00416 a2200145 4500020001900000050002100019100002700040245004000067250001200107264003400119300003400153500001900187504004100206650002300247 a9780073531892 00aHM 1033 MYE 20081 aMyers, David Geauthor10aSocial psychology /cDavid G. Myers a9th ed. aNew york:bMcGraw Hill,c2008 axxviii, 593 p. bill. ( col.) aincludes index aIncludes bibliographical references  0aSocial psychology.